[Event "Montenegro Festival Mix-01 2021"]
[Site "Podgorica"]
[Date "2021.03.21"]
[Round "5.6"]
[White "Nikcevic, Nebojsa"]
[Black "Sukovic, Andrej"]
[Result "1-0"]
[WhiteElo "2412"]
[BlackElo "2282"]
[Annotator "ChessBase"]
[PlyCount "69"]
[EventDate "2021.02.26"]
[EventType "swiss"]
[EventCountry "MNE"]
[SourceTitle "playchess.com"]
[Source "ChessBase"]
[SourceQuality "1"]
[TimeControl "40/5400+30:900+30"]

1. d4 {[%emt 0:18:06]} Nf6 {[%emt 0:00:00]} 2. c4 {[%emt 0:00:03]} g6 {[%emt 0:00:00]} 3. Nc3 {[%emt 0:00:06]} Bg7 {[%emt 0:00:00]} 4. e4 {[%emt 0:00:04]} d6 {[%emt 0:00:02]} 5. Nf3 {[%emt 0:00:24]} O-O {[%emt 0:00:07]} 6. Be2 {[%emt 0:00:14]} e5 {[%emt 0:00:08]} 7. O-O {[%emt 0:00:09]} Nc6 {[%emt 0:00:06]} 8. d5 {[%emt 0:00:08]} Ne7 {[%emt 0:00:05]} 9. Ne1 {[%emt 0:01:01]} Nd7 {[%emt 0:00:08]} 10. Nd3 {[%emt 0:00:14]} f5 {[%emt 0:00:11]} 11. f3 {[%emt 0:00:05]} c6 {[%emt 0:20:41]} 12. Be3 {[%emt 0:05:08]} Nb6 {[%emt 0:01:05]} 13. Qb3 {[%emt 0:05:21]} f4 {[%emt 0:08:38]} 14. Bf2 {[%emt 0:01:18]} c5 {[%emt 0:00:16]} 15. Nb5 {[%emt 0:02:45]} Rf6 {[%emt 0:05:04]} 16. Nxd6 {[%emt 0:14:29]} Rxd6 {[%emt 0:11:33]} 17. Bxc5 {[%emt 0:00:11]} Rd7 {[%emt 0:00:11]} 18. a4 {[%emt 0:03:06]} Rc7 {[%emt 0:08:21]} 19. a5 {[%emt 0:01:49]} Rxc5 {[%emt 0:05:00]} 20. axb6 {[%emt 0:06:15]} Nc6 {[%emt 0:00:06]} 21. Nxc5 {[%emt 0:14:37]} Nd4 {[%emt 0:00:09]} 22. Qd3 {[%emt 0:01:56]} Qxb6 {[%emt 0:00:10]} 23. b4 {[%emt 0:00:27]} Qxb4 {[%emt 0:00:14]} 24. Na4 {[%emt 0:00:10]} Bd7 {[%emt 0:03:00]} 25. Rfb1 {[%emt 0:02:34]} Qa5 {[%emt 0:00:06]} 26. Nb6 {[%emt 0:06:04]} Qc5 {[%emt 0:01:38]} 27. Nxd7 {[%emt 0:03:21]} Nxe2+ {[%emt 0:00:26]} 28. Kh1 {[%emt 0:07:02]} Qe7 {[%emt 0:08:30]} 29. Qxe2 {[%emt 0:01:03]} Qxd7 {[%emt 0:00:05]} 30. c5 {[%emt 0:00:16]} Bf8 {[%emt 0:02:30]} 31. Qb5 {[%emt 0:01:22]} Qxb5 {[%emt 0:02:57]} 32. Rxb5 {[%emt 0:00:05]} a6 {[%emt 0:00:33]} 33. d6 {[%emt 0:01:56]} Kf7 {[%emt 0:00:58]} 34. Rxb7+ {[%emt 0:00:11]} Ke6 {[%emt 0:00:06]} 35. Ra5 {[%emt 0:01:00]} 1-0

[Event "Montenegro Festival Mix-01 2021"]
[Site "Podgorica"]
[Date "2021.03.21"]
[Round "5.7"]
[White "Vujovic, Savo"]
[Black "Djurovic, Peko"]
[Result "1/2-1/2"]
[WhiteElo "2187"]
[BlackElo "2062"]
[Annotator "ChessBase"]
[PlyCount "20"]
[EventDate "2021.02.26"]
[EventType "swiss"]
[EventCountry "MNE"]
[SourceTitle "playchess.com"]
[Source "ChessBase"]
[SourceQuality "1"]
[TimeControl "40/5400+30:900+30"]

1. Nf3 {[%emt 0:00:45]} g6 {[%emt 0:00:07]} 2. c4 {[%emt 0:00:17]} Bg7 {[%emt 0:00:45]} 3. d4 {[%emt 0:00:29]} c5 {[%emt 0:00:17]} 4. Nc3 {[%emt 0:00:35]} cxd4 {[%emt 0:00:19]} 5. Nxd4 {[%emt 0:00:02]} Nc6 {[%emt 0:00:01]} 6. Nc2 {[%emt 0:00:13]} Nf6 {[%emt 0:00:07]} 7. g3 {[%emt 0:00:05]} O-O {[%emt 0:00:05]} 8. Bg2 {[%emt 0:00:03]} d6 {[%emt 0:00:48]} 9. O-O {[%emt 0:00:27]} Be6 {[%emt 0:01:08]} 10. Ne3 {[%emt 0:02:10]} Qd7 {[%emt 0:00:34]} 1/2-1/2

[Event "Montenegro Festival Mix-01 2021"]
[Site "Podgorica"]
[Date "2021.03.21"]
[Round "5.8"]
[White "Alivodic, Dario"]
[Black "Pobor, Milo"]
[Result "1-0"]
[WhiteElo "2189"]
[BlackElo "2105"]
[Annotator "ChessBase"]
[PlyCount "71"]
[EventDate "2021.02.26"]
[EventType "swiss"]
[EventCountry "MNE"]
[SourceTitle "playchess.com"]
[Source "ChessBase"]
[SourceQuality "1"]
[TimeControl "40/5400+30:900+30"]

1. d4 {[%emt 0:00:00]} Nf6 {[%emt 0:00:00]} 2. c4 {[%emt 0:00:00]} g6 {[%emt 0:00:00]} 3. Nc3 {[%emt 0:00:00]} Bg7 {[%emt 0:00:00]} 4. e4 {[%emt 0:00:00]} d6 {[%emt 0:01:22]} 5. Nge2 {[%emt 0:02:11]} O-O {[%emt 0:00:42]} 6. f3 {[%emt 0:00:51]} a6 {[%emt 0:02:08]} 7. Be3 {[%emt 0:01:17]} Nc6 {[%emt 0:01:54]} 8. Qd2 {[%emt 0:01:08]} Na5 {[%emt 0:01:00]} 9. Ng3 {[%emt 0:03:02]} b5 {[%emt 0:02:45]} 10. Bh6 {[%emt 0:15:43]} Nxc4 {[%emt 0:19:18]} 11. Bxc4 {[%emt 0:00:10]} bxc4 {[%emt 0:00:05]} 12. O-O-O {[%emt 0:04:49]} Kh8 {[%emt 0:14:12]} 13. h4 {[%emt 0:00:56]} Rg8 {[%emt 0:01:32]} 14. Bxg7+ {[%emt 0:00:54]} Rxg7 {[%emt 0:02:20]} 15. h5 {[%emt 0:03:06]} c6 {[%emt 0:01:46]} 16. hxg6 {[%emt 0:20:21]} fxg6 {[%emt 0:00:56]} 17. Rh6 {[%emt 0:08:33]} Rb8 {[%emt 0:06:31]} 18. Rdh1 {[%emt 0:00:45]} Qb6 {[%emt 0:06:55]} 19. Nge2 {[%emt 0:02:07]} e5 {[%emt 0:02:29]} 20. dxe5 {[%emt 0:05:12]} Ng8 {[%emt 0:08:24]} 21. exd6 {[%emt 0:11:33]} Nxh6 {[%emt 0:00:12]} 22. Rxh6 {[%emt 0:00:04]} Bd7 {[%emt 0:02:45]} 23. Nd4 {[%emt 0:03:15]} Qc5 {[%emt 0:03:38]} 24. Nc2 {[%emt 0:01:34]} Re8 {[%emt 0:03:21]} 25. Rh1 {[%emt 0:01:05]} Kg8 {[%emt 0:02:36]} 26. Rd1 {[%emt 0:00:37]} Be6 {[%emt 0:00:28]} 27. Qe3 {[%emt 0:04:03]} Qa5 {[%emt 0:02:28]} 28. Nd4 {[%emt 0:00:31]} Bd7 {[%emt 0:02:32]} 29. f4 {[%emt 0:03:18]} g5 {[%emt 0:04:40]} 30. g3 {[%emt 0:00:18]} gxf4 {[%emt 0:01:15]} 31. gxf4 {[%emt 0:00:14]} c5 {[%emt 0:00:18]} 32. Nde2 {[%emt 0:02:04]} Rb8 {[%emt 0:01:31]} 33. f5 {[%emt 0:00:51]} Qb4 {[%emt 0:01:11]} 34. Rd2 {[%emt 0:00:11]} a5 {[%emt 0:00:08]} 35. Nd5 {[%emt 0:03:06]} Qa4 {[%emt 0:00:19]} 36. Nec3 {[%emt 0:00:27]} 1-0

[Event "Montenegro Festival Mix-01 2021"]
[Site "Podgorica"]
[Date "2021.03.22"]
[Round "6.1"]
[White "Sanal, Vahap"]
[Black "Tomic, Aleksandar"]
[Result "1-0"]
[WhiteElo "2571"]
[BlackElo "2360"]
[Annotator "TA"]
[PlyCount "71"]
[EventDate "2021.02.26"]
[EventType "swiss"]
[EventCountry "MNE"]
[SourceTitle "playchess.com"]
[Source "ChessBase"]
[SourceQuality "1"]

{[%evp 9,71,8,9,6,14,8,14,5,12,20,17,0,0,0,3,18,3,9,18,0,0,0,0,-10,20,20,27,0,0,0,0,0,7,-8,144,138,142,140,149,152,156,157,146,140,231,210,244,237,278,262,263,276,275,235,245,235,386,383,368,358,938,891,29990,29991]} 1. e4 c5 2. Nf3 e6 3. g3 Nc6 4. Bg2 Nf6 5. Qe2 e5 6. O-O {B40: Sicilian: 2...e6, Unusual lines.} Be7 7. Na3 O-O 8. d3 {The position is equal.} Re8 9. Nc4 Bf8 {[#]} 10. Ne3 $146 ({Predecessor:} 10. Bg5 h6 11. Bxf6 Qxf6 12. c3 d6 13. Ne3 g6 14. Nd2 Bg7 15. f4 exf4 16. gxf4 {1-0 (35) Demchenko,A (2670)-Ruck,R (2502) Pontevedra 2018}) 10... d5 11. exd5 Nxd5 12. Nxd5 Qxd5 13. Ng5 Qd7 14. Qe4 $40 {[%csl Gg5][%cal Re4h7][%mdl 128] White has some attack.} Qf5 15. f4 Qxe4 16. Nxe4 c4 17. dxc4 f5 18. Nc3 {Black should prevent Nd5.} Bc5+ 19. Kh1 {Hoping for Nb5.} e4 20. Nd5 {With the idea Nc7.} Be6 $1 21. c3 b5 $2 (21... Rad8 $11) 22. Nc7 $16 Bxc4 23. Nxa8 Rxa8 24. Rd1 Rc8 25. b3 Be2 26. Rd7 b4 {[#]} (26... Bb6 $16 {might work better.} 27. Ba3 Rd8 28. Rxd8+ Nxd8) 27. Bb2 $1 $18 bxc3 28. Bxc3 Bf8 29. Rc1 Nb4 30. Bd2 ({Not} 30. Rxa7 $2 Nd3 $19) 30... Rxc1+ 31. Bxc1 Nxa2 32. Be3 Bd3 $2 (32... Nb4 33. Kg1 (33. Rxa7 Nc2 $18) (33. Bxa7 Bb5 $18) 33... a5) 33. Bh3 g6 34. g4 Nb4 $2 (34... Bc2 35. gxf5 Bxb3 36. Rxa7 Nc3 37. fxg6 hxg6) 35. gxf5 Nc2 {[#]} 36. f6 $1 {Weighted Error Value: White=0.03/Black=0.56} 1-0

[Event "Montenegro Festival Mix-01 2021"]
[Site "Podgorica"]
[Date "2021.03.22"]
[Round "6.2"]
[White "Suleymanli, Aydin"]
[Black "Thybo, Jesper Sondergaard"]
[Result "1/2-1/2"]
[WhiteElo "2512"]
[BlackElo "2572"]
[Annotator "TA"]
[PlyCount "56"]
[EventDate "2021.02.26"]
[EventType "swiss"]
[EventCountry "MNE"]
[SourceTitle "playchess.com"]
[Source "ChessBase"]
[SourceQuality "1"]

{[%evp 21,56,-1,8,-8,-18,-18,-28,-20,21,27,50,44,69,54,64,0,0,0,-12,-51,0,0,0,0,0,0,0,0,0,0,0,0,0,0,0,0,0]} 1. d4 Nf6 2. c4 e6 3. Nc3 Bb4 4. f3 d5 5. a3 Bxc3+ 6. bxc3 c5 7. cxd5 Nxd5 8. dxc5 Qa5 9. e4 Nf6 10. Be3 O-O 11. Qb3 Nfd7 12. Rd1 {E25: Nimzo-Indian: Sämisch: 5...c5 6 f3 d5 7 cxd5.} Qc7 13. a4 Nxc5 14. Qa3 {[%cal Ra3c5] [#] Black has an edge.} Nba6 $146 ({Predecessor:} 14... b6 15. Ne2 Ba6 16. Ng3 Bxf1 17. Bxc5 bxc5 18. Nxf1 Nd7 19. Ne3 Ne5 20. O-O Rfd8 {0-1 (36) Budde,W-Glaser,K Germany 1996}) 15. Bb5 f5 16. exf5 exf5 {With the idea ...Qe7.} 17. Ne2 {Hoping for Bf4.} Qe7 $1 {[#] aiming for ...Nd3+!} 18. Qc1 (18. Bxc5 $14 Qxc5 19. Qa2+ Kh8 20. Qd5) 18... Nc7 $11 19. Bg5 Qf7 20. Qe3 {[#]} Nxb5 ({Better is} 20... a6 $1 $15 21. Qxc5 Ne6) 21. Qxc5 {The position is equal.} Nc7 22. Bf4 Ne6 23. Qd5 $36 {[%mdl 2048] White has the initiative.} Nxf4 24. Nxf4 Be6 25. Nxe6 ({Don't go for} 25. Qxe6 $2 Rae8 $19) 25... Rae8 26. Kf2 Rxe6 27. Rhe1 Rxe1 28. Kxe1 Re8+ {Weighted Error Value: White=0.08/Black=0.07} 1/2-1/2

[Event "Montenegro Festival Mix-01 2021"]
[Site "Podgorica"]
[Date "2021.03.22"]
[Round "6.3"]
[White "Djukic, Nikola"]
[Black "Delchev, Aleksander"]
[Result "0-1"]
[WhiteElo "2521"]
[BlackElo "2526"]
[Annotator "TA"]
[PlyCount "100"]
[EventDate "2021.02.26"]
[EventType "swiss"]
[EventCountry "MNE"]
[SourceTitle "playchess.com"]
[Source "ChessBase"]
[SourceQuality "1"]

{[%evp 15,100,20,33,14,22,6,1,0,0,-12,0,0,0,0,0,0,0,-45,-41,-68,0,-77,-85,-79,-77,-85,0,0,0,0,0,0,0,0,0,0,0,0,0,0,0,0,0,0,13,0,0,0,0,0,0,-25,-26,-312,-102,-181,-202,-265,-253,-321,-312,-317,-304,-298,-301,-297,-281,-572,-569,-547,-493,-1011,-1001,-962,-762,-695,-607,-1128,-1052,-10513,-10513,-7693,-7131,-5653,-5653,-29987,-29988]} 1. e4 e5 2. Nf3 Nc6 3. Bb5 a6 4. Ba4 Nf6 5. O-O b5 6. Bb3 Bb7 7. d3 Be7 8. Nc3 O-O 9. a3 {C84: Closed Ruy Lopez: Unusual White 6th moves.} d6 10. Be3 {Recently 10.Ne2 got a lot of attention.} Qd7 11. h3 {The position is equal.} Nd8 12. Ne2 Ne6 13. Ng3 Rfe8 {[#]} 14. Ng5 $146 ({Predecessor:} 14. Nf5 Bf8 15. Qd2 h6 16. Rfe1 c5 17. c4 Rac8 18. Rac1 Nd4 19. Bxd4 cxd4 20. cxb5 axb5 {0-1 (45) Matozo,P (1786)-Steiger,W (2295) ICCF email 2009}) 14... d5 15. Nxe6 Qxe6 16. f4 exf4 17. Bxf4 c5 ({Black should try} 17... Qb6+ $1 $15 18. Kh1 dxe4) 18. exd5 (18. Ba2 $11) 18... Nxd5 $17 19. Qf3 c4 (19... Nxf4 $6 20. Qxb7 c4 21. dxc4 $11) 20. dxc4 Nxf4 (20... bxc4 $17 21. Bxc4 Nxf4 22. Qxf4 Qc6) 21. Qxb7 $11 bxc4 {And now ...Nxh3+! would win.} 22. Ba4 Reb8 23. Qf3 Ng6 24. Rae1 Ne5 25. Qe4 f6 26. Nf5 Ra7 27. Nd4 Bc5 (27... Qb6 {looks sharper.} 28. c3 Kh8 29. Re2 Bc5 30. Kh1 Re7) 28. Kh1 Bxd4 29. Qxd4 Raa8 30. Rd1 Rd8 31. Qxd8+ Rxd8 32. Rxd8+ Kf7 33. Be8+ Ke7 34. Rfd1 {[%mdl 8192] [#]} (34. Rb8 $11 {and White stays safe.}) 34... Qb6 $2 (34... Nd3 $1 $19 {[%cal Rd3f2][%mdl 512] and Black stays clearly on top.} 35. Ba4 (35. Bd7 $2 Qd5 $19) (35. cxd3 Kxd8) 35... Kxd8 36. cxd3 Ke7 37. dxc4 Qxc4 38. Re1+ Kf8) 35. Bh5 {[#]} (35. Ba4 $17 {was worth a try.}) 35... g6 $1 $19 {[%cal Rg6h5]} 36. Bf3 Qxb2 37. Rh8 Nxf3 ({Weaker is} 37... Qxc2 38. Rxh7+ Ke6 39. Bd5+ Kf5 40. Rf1+ Kg5 41. h4+ Kg4 42. Kh2 $19) 38. gxf3 {[%mdl 4096] Endgame KQ-KRR} Qc3 ({Less strong is} 38... Qxa3 39. Rxh7+ Ke6 40. Re1+ Kd6 41. Kg2 $17) 39. Rxh7+ Ke6 40. Rf1 Qxc2 {Threatens to win with ...Qe2.} 41. Ra7 $2 (41. Re1+ {was the only defense.} Kf5 42. Rhe7) 41... Qe2 42. Rxa6+ Kd7 43. Rg1 (43. Kg1 $142 c3 44. Rxf6) 43... Qxf3+ {[%mdl 64] Double Attack} 44. Kh2 Qf4+ 45. Kh1 Qe4+ 46. Kh2 c3 {[%cal Bc4c3,Bc3c2][%mdl 32] Hoping for ...Qe2+.} 47. Rd1+ Kc7 48. Ra7+ Kb6 {( -> ...Qe2+)} 49. Rad7 c2 50. R1d6+ Kc5 {Weighted Error Value: White=0.89/Black=0.14} 0-1

[Event "Montenegro Festival Mix-01 2021"]
[Site "Podgorica"]
[Date "2021.03.22"]
[Round "6.4"]
[White "Injac, Teodora"]
[Black "Can, Isik"]
[Result "1-0"]
[WhiteElo "2319"]
[BlackElo "2380"]
[Annotator "TA"]
[PlyCount "117"]
[EventDate "2021.02.26"]
[EventType "swiss"]
[EventCountry "MNE"]
[SourceTitle "playchess.com"]
[Source "ChessBase"]
[SourceQuality "1"]

{[%evp 21,117,28,20,24,29,6,42,0,23,38,21,25,82,77,77,81,97,104,97,97,99,99,99,103,96,95,89,97,127,127,127,127,127,127,126,121,150,145,184,175,174,170,171,162,209,197,226,211,276,279,285,226,253,265,254,236,250,258,276,214,510,531,497,500,498,461,477,448,500,499,609,573,1160,1000,1242,1356,29938,5720,6207,6357,29976,29977,29977,29977,29977,29975,29978,29977,29977,29978,29978,29979,29979,29980,29980,29981,29977,29977]} 1. Nf3 Nf6 2. g3 g6 3. Bg2 Bg7 4. d4 d5 5. c4 c6 6. cxd5 cxd5 7. O-O O-O 8. Ne5 e6 9. Nc3 Nfd7 10. Nf3 Nc6 11. Bf4 Nf6 12. Rc1 {D79: Fianchetto Grünfeld: Symmetrical Variation (6 0-0 c6 7 cxd5 cxd5).} Bd7 13. Ne5 {[#]} Qb6 $146 ({Predecessor:} 13... Rc8 14. Qd2 Qa5 15. Rfd1 Qa6 16. Bh6 Rfd8 17. Bxg7 Kxg7 18. Qf4 Be8 19. a3 Na5 20. h4 Qd6 21. e3 b5 {1-0 (59) Meier,G (2628)-Maghsoodloo,P (2664) chess24.com INT 2020}) 14. b3 {White is slightly better.} Nxe5 ({Don't go for} 14... Qxd4 $2 15. Nxc6 Qxd1 16. Ne7+ Kh8 17. Rfxd1 $18 (17. Nxd1 Rfe8 $14)) (14... Nxd4 $2 15. Be3 $18) 15. dxe5 Ng4 16. e4 Nxe5 (16... d4 $11) 17. exd5 $16 Rac8 18. Qe2 Rxc3 {[%mdl 64] Remove Defender} 19. Rxc3 Bb5 {[#]} 20. Qe3 Qxe3 21. Bxe3 Bxf1 22. Kxf1 Ng4 23. Rc7 {Black must now prevent Bc5.} Nxe3+ 24. fxe3 {[%mdl 4096] Endgame KRB-KRB} Rb8 25. dxe6 fxe6 26. Bxb7 ({Don't play} 26. Rxb7 Rxb7 27. Bxb7 Bf8 $14) 26... Rf8+ 27. Ke2 Rf7 28. Rc8+ Rf8 29. Rc6 Rb8 30. Bc8 Be5 31. Bxe6+ Kg7 32. Bd5 Re8 33. Kd3 Re7 34. b4 Rc7 35. Re6 Bc3 36. a3 Be1 37. Ra6 Rd7 38. e4 Bf2 39. a4 Rc7 40. e5 Rc1 $2 {[#]} (40... Bg1 41. Rf6 Bxh2) 41. Rf6 $18 Rd1+ 42. Kc2 ({Not} 42. Kc4 Rd4+ 43. Kc3 Rxd5 $18) 42... Rxd5 43. Rxf2 Rxe5 {KR-KR} 44. Kd3 h5 45. Kd4 Re7 46. Kd5 Kh6 47. b5 {[%cal Bb4b5,Bb5b6][%mdl 32]} Kg5 48. a5 {[%cal Ba4a5,Ba5b6][%mdl 32]} Kg4 49. b6 Kh3 50. Rb2 axb6 51. axb6 {White mates.} g5 52. Kc6 Re6+ 53. Kc7 Re7+ 54. Kc8 Re8+ 55. Kd7 Rb8 56. Kc7 Rh8 57. b7 Rh7+ 58. Kb6 Rh8 59. Ka7 {White took control after the opening.  Weighted Error Value: White=0.06/Black=0.45} 1-0

[Event "Montenegro Festival Mix-01 2021"]
[Site "Podgorica"]
[Date "2021.03.22"]
[Round "6.5"]
[White "Nikcevic, Nebojsa"]
[Black "Blagojevic, Dragisa"]
[Result "0-1"]
[WhiteElo "2412"]
[BlackElo "2489"]
[Annotator "TA"]
[PlyCount "102"]
[EventDate "2021.02.26"]
[EventType "swiss"]
[EventCountry "MNE"]
[SourceTitle "playchess.com"]
[Source "ChessBase"]
[SourceQuality "1"]

{[%evp 12,102,16,21,19,14,21,20,22,10,12,8,14,16,18,16,23,13,50,29,31,32,39,0,0,0,0,-3,0,0,0,0,9,-6,0,-9,-2,-3,-4,0,-12,0,0,0,0,0,0,0,0,-7,0,-13,-11,-14,-14,-8,-8,-8,-8,-15,-8,-22,-14,-18,0,0,0,0,0,-100,-102,-164,-156,-351,-270,-555,-528,-562,-561,-524,-464,-29969,-29970,-29976,-29977,-29973,-29975,-29969,-29970,-29990,-29980,-29985,-29980]} 1. c4 e6 2. Nf3 d5 3. e3 Nf6 4. b3 c6 5. Bb2 Bd6 6. d4 Nbd7 7. Bd3 O-O {A06: Réti Opening: 1 Nf3 d5.} 8. Nbd2 b6 9. O-O Bb7 {The position is equal.} 10. Rc1 {10.Qe2 gains popularity.} Qe7 11. Ne5 c5 12. cxd5 exd5 {[%cal Rd7e5]} 13. Nxd7 Nxd7 14. Qh5 {[%csl Gd3][%cal Rh5h7]} Nf6 (14... g6 {is more complex.} 15. Qh6 Rac8 16. Nf3 cxd4 17. Rce1 Rfe8) 15. Qh4 {Threatens to win with dxc5.} (15. Qh3 {looks sharper.} h6 16. dxc5 bxc5 17. Qf5 Rfe8 18. Bxf6 Qxf6 19. Qxf6 gxf6 20. Rfd1) 15... Ne4 16. Qxe7 Bxe7 {[#]} 17. Bxe4 $146 ({Predecessor:} 17. Nf3 Rfd8 18. dxc5 Nxc5 19. Be2 a5 20. Bd4 f6 21. Rfd1 Kf7 22. Bb2 a4 23. b4 {½-½ (54) Herrera Camara,G (1828)-Velikic,A (2259) Tornelo INT 2020}) 17... dxe4 18. Ba3 {[%cal Rd4c5]} Rfd8 19. Rfd1 Rac8 20. dxc5 bxc5 21. Nc4 Ba6 22. Kf1 f6 23. Ke1 Rxd1+ 24. Rxd1 Rc7 25. f3 exf3 26. gxf3 Bxc4 27. bxc4 $11 {[%mdl 4096] Endgame KRB-KRB} Kf7 28. Rb1 Ke6 29. Rb5 Rc6 30. Ra5 a6 31. Kd2 g5 32. e4 f5 {aiming for ...fxe4.} 33. exf5+ Kxf5 34. Ke3 Bd6 35. h3 Be7 36. Kf2 Kg6 37. Bc1 Bf6 38. Be3 Bd4 39. Bxd4 cxd4 {KR-KR} 40. Rd5 (40. Ke2 $11 {keeps the balance.}) 40... Rxc4 $17 41. Rd6+ (41. Ra5 $17 {was worth a try.}) 41... Kf5 $19 42. Rxa6 $2 {[#] This costs White the game.} (42. Kg3 $17 {might work better.}) 42... h5 $1 43. Rd6 $2 (43. Ke2 Rc2+ 44. Kd3) 43... Rc2+ 44. Kf1 Ke5 45. Rh6 Kf4 46. h4 {[#]} (46. a4 $19 Ra2 47. Ke1) 46... d3 {Black mates.} 47. Ke1 gxh4 48. Rxh5 Ke3 {[%cal Rc2c1]} 49. Re5+ Kxf3 50. a4 h3 51. Rf5+ Kg4 {Weighted Error Value: White=0.34/Black=0.02} 0-1

[Event "Montenegro Festival Mix-01 2021"]
[Site "Podgorica"]
[Date "2021.03.22"]
[Round "6.6"]
[White "Djurovic, Peko"]
[Black "Kisic, Bozidar"]
[Result "0-1"]
[WhiteElo "2062"]
[BlackElo "2233"]
[Annotator "TA"]
[PlyCount "92"]
[EventDate "2021.02.26"]
[EventType "swiss"]
[EventCountry "MNE"]
[SourceTitle "playchess.com"]
[Source "ChessBase"]
[SourceQuality "1"]

{[%evp 11,92,31,35,27,29,34,25,25,25,37,142,127,314,331,331,332,320,287,294,131,189,102,112,114,100,70,73,45,53,45,52,26,27,25,55,47,57,69,88,0,0,0,178,48,187,189,350,291,442,230,244,204,200,163,203,78,129,31,144,0,0,-322,-306,-289,-309,-318,-330,-321,-317,-292,-310,-315,-299,-309,-313,-313,-262,-5562,-5616,-5847,-5159,-5098,-4618]} 1. e4 d5 2. exd5 Qxd5 3. Nc3 Qd6 4. d4 Nf6 5. Nf3 a6 6. Bc4 b5 7. Bb3 {Threatens to win with Ne5. B01: Scandinavian Defence.} e6 8. Qe2 Bb7 9. Bg5 {White wants to play d5!White has an edge.} Be7 10. O-O-O {[#]} h6 $146 (10... O-O $14) ({Predecessor:} 10... O-O 11. d5 Bxd5 12. Nxd5 exd5 13. Bxf6 Qxf6 14. Rhe1 Bd6 15. Bxd5 c6 16. Be4 Bc5 17. Ne5 g6 18. Nd3 Bb6 {½-½ (18) Jurcik,M (2362)-Molnar,P (2367) Slovakia 2012}) 11. Bxf6 $16 gxf6 (11... Bxf6 $16 {was called for.} 12. Kb1 Nd7) 12. d5 $18 {[%cal Rd5e6]} e5 13. Nh4 Nd7 14. Nf5 Qb6 15. Qh5 (15. d6 $18 {is more deadly.} Bxd6 16. Ng7+ Kd8 17. Bxf7) 15... Bd6 $16 16. Ne4 (16. Ng7+ $1 $18 Kf8 17. Nf5) 16... O-O-O 17. Qxf7 Kb8 18. Nfxd6 cxd6 19. Qe6 Nc5 20. Nxc5 Qxc5 21. Rhf1 a5 {...a4 is the strong threat.} 22. a3 (22. Qxf6 $2 a4 $19) 22... Bc8 23. Qxf6 Rhf8 24. Qh4 Bf5 $1 25. a4 (25. Qxh6 a4 $17) (25. c3 $1 $16) 25... Rc8 $11 {[%cal Rf5c2]} 26. Rd2 e4 $2 (26... Bd7 $11 {and Black stays safe.}) 27. Qg3 (27. Qxh6 $6 Bd7 $16) ({Better is} 27. Re1 $1 $18) 27... bxa4 (27... Bd7 $14) 28. Bxa4 $18 Rf7 $2 (28... Qc4 {is a better defense.}) 29. Bc6 Rcf8 (29... Bd7 $142 30. Re1 Bxc6) 30. Qe3 (30. Re1 $142) 30... Kc7 31. Qxc5 ({Don't take} 31. Qxh6 $6 Qc4) 31... dxc5 32. Re2 Kd6 33. Kd2 (33. Re3 $18) 33... h5 (33... Bg4 $142) 34. Ke3 (34. Re3 $16) 34... Bc8 (34... Rg8 $14) 35. Ra1 ({Wrong is} 35. Kxe4 $2 Ba6 $19) (35. c4 $16) 35... Ba6 $11 36. Rd2 {[%mdl 8192] [#]} (36. Ree1 $1 $11 {and White is okay.} Rxf2 37. Ra4 (37. Kxe4 R8f5 $17) (37. Rxa5 Rxg2 38. Kxe4 Bc8 $15)) 36... Ke5 $1 $19 37. c4 Bxc4 {( -> ...Rf3+!)} 38. Rc2 Bd3 39. Rxc5 {[#]} Rf3+ $3 {[%mdl 512]} 40. gxf3 Rxf3+ 41. Kd2 Rxf2+ {[%mdl 64] Double Attack} 42. Kc1 {And now d6+! would win.} Rf1+ 43. Kd2 Rxa1 44. Rc1 $2 (44. d6+ Kxd6 45. Rc3) 44... e3+ $1 {[%mdl 64] Deflection. Black is clearly winning.} 45. Kxe3 Rxc1 46. Kxd3 Kd6 {Weighted Error Value: White=0.66/Black=0.35} 0-1

[Event "Montenegro Festival Mix-01 2021"]
[Site "Podgorica"]
[Date "2021.03.22"]
[Round "6.7"]
[White "Sukovic, Andrej"]
[Black "Alivodic, Dario"]
[Result "1-0"]
[WhiteElo "2282"]
[BlackElo "2189"]
[Annotator "TA"]
[PlyCount "87"]
[EventDate "2021.02.26"]
[EventType "swiss"]
[EventCountry "MNE"]
[SourceTitle "playchess.com"]
[Source "ChessBase"]
[SourceQuality "1"]

{[%evp 16,87,6,0,21,-8,-9,-14,0,-15,-10,0,-5,-14,2,-31,33,29,41,34,34,37,67,14,95,78,170,94,102,121,123,138,140,116,112,102,228,229,235,246,245,243,320,255,254,240,253,248,267,264,275,258,253,220,223,229,207,210,422,438,626,489,694,660,671,633,679,682,29988,29989,29989,29990,29997,29998]} 1. e4 c5 2. Nf3 e6 3. d4 cxd4 4. Nxd4 Nf6 5. Nc3 Nc6 6. Nxc6 bxc6 7. Bd3 d5 8. O-O Be7 9. Qe2 a5 {[#] B40: Sicilian: 2...e6, Unusual lines.} 10. e5 $146 ({Predecessor:} 10. b3 O-O 11. Kh1 Qb6 12. Bd2 Ba6 13. e5 Nd7 14. f4 Nc5 15. Bxa6 Qxa6 16. Qxa6 Rxa6 17. Be3 {0-1 (48) Hernandez Sanchez,J (2216)-Zapata,A (2390) Quibdo 2015}) 10... Nd7 11. Na4 Qc7 {The position is equal.} 12. f4 Nc5 13. Nxc5 Bxc5+ 14. Kh1 g6 15. c4 h5 (15... O-O $15) 16. Bd2 $14 d4 17. Be1 Rb8 18. Rc1 Qb6 19. b3 (19. Bh4 $1 $14) 19... Bb7 (19... Be7 $11) 20. Bh4 $16 Bf8 (20... Qa7 $16) 21. Qc2 (21. c5 $18 Bxc5 22. Bf6) 21... c5 {[#]} 22. Bxg6 $1 Qc6 {[#] ...Rg8 is the strong threat.} 23. Bd3 $1 Rg8 {[%cal Rg8g2]} 24. Bg5 h4 {With the idea ...h3.} 25. Rce1 Be7 {This move loses the game for Black.} (25... h3 $16 26. Be4 hxg2+ 27. Qxg2 Qd7) 26. Be4 $18 Qc7 27. Bxb7 Qxb7 28. Qh7 {[%mdl 64] Double Attack} Rg6 29. Qxh4 Kd7 30. Qh5 Rbg8 31. h4 Qc8 32. Qf3 Rh8 {and the idea ...Bxg5 leaves Black hopeful.} 33. Kg1 Rg7 34. Bf6 Bxf6 35. exf6 Rgh7 36. g3 {Black must now prevent f5.} Rg8 $2 (36... Rh5 37. Re5 Rxe5 38. fxe5 Qb8) 37. f5 Qc7 (37... Qb8 $142 38. fxe6+ fxe6) 38. Kg2 Rhh8 (38... e5 $142 39. Re2 Qd6) 39. fxe6+ fxe6 40. Re4 Qd6 41. Rfe1 Qb8 42. Rxe6 {White mates.} Rxg3+ 43. Qxg3 Rg8 44. Re7+ {Weighted Error Value: White=0.15/Black=0.61} 1-0